000 00844nam a2200277 a 4500
001 18874
003 CO-ViMGA
008 141112s2004 ck r 000 u spa d
020 _a9583007277
040 _aCO-ViMGA
_bspa
_cCO-ViMGA
082 0 4 _a980.001 P81
100 1 _aPua, Giovanni
_926988
245 1 0 _aVida cotidiana de las culturas Amerindias :
_bIncas, Mayas, Zenues, Sioux
260 _aBogotá :
_bEditorial PanAméricana; 2001
300 _a136 p.
490 _aInteres General
590 _aForma de adquisición : Premio Mincultura
650 1 4 _aCULTURAS INDIGENAS - América
_926989
650 1 4 _aINCAS
_926990
650 1 4 _aINDIGENAS DE América
_926991
650 1 4 _aINDIGENAS DE América - VIDA SOCIAL Y COSTUMBRES
_926992
650 1 4 _aMAYAS
650 1 4 _aSIOUX
_926993
650 1 4 _aZENUES
_926994
942 _2ddc
_cBK
999 _c28101
_d28101